00301cam a22001097a 4500008004000000082001700040100001800057245005400075260004200129300001000171650001000181180718b1990 xxu||||| |||| 00| 0 eng d aQ8 K167 Ag81 aAgrawal, K.M. aKautilya on crime and punishmentcby K.M. Agrawal aAlmorabShree Almora Book Depotc1990 a250p. aCrime